LEADER 01022nam a2200217 i 4500 001 000000215088 003 CaOOAMICUS 005 20120813000000.0 008 120813s1977 it u000 u fre u 013 $a193960 040 $aSeMil$bita 245 13$aLa Principauté de Liechtenstein :$bun documentation /$créunie par Walther Kranz. 250 $a3. ed. 260 $a[Vaduz] :$bpubliée par Office de Presse et dInformation du Gouv. de la Principauté de Liechtenstein,$c1977. 300 $a258 p. :$bIll. ;$c22 cm. 650 4$aLiechtenstein.$0(OLS)http://semarc/subject/40104 700 1 $aKranz, Walther,$d<1884-1960>.$0(OLS)http://semarc/name/5526 850 $aSeMil 852 $aSeMil$W1$xVenegono$y1$m3P II 131$j165509$B165509$CSeMilBibl$Z2$F176489 $81 996 $6245$aLa Principauté de Liechtenstein :$bun documentation$9(OLS)http://semarc/title/309793 996 $6260$a[Vaduz] :$bpubliée par Office de Presse et dInformation du Gouv. de la Principauté de Liechtenstein$9(OLS)http://semarc/publisher/52893 LEADER 01659nam a2200301 i 4500 001 000000181149 003 CaOOAMICUS 005 20090821000000.0 008 090821s2009 fr u000 u fre u 013 $a158975 020 $a978-2-204-08711-7 040 $aSeMil$bita 110 2 $aÉcole biblique de Jérusalem.$0(OLS)http://semarc/name/1488 245 13$aLe sens littéral des Écritures :$b[actes du colloque international, Jérusalem, École biblique et archéologique française, 28-30 novembre 2007] /$c[organisé par] EBAF ; édité sous la direction de Olivier-Thomas Venard. 260 $aParis :$bLes Éditions du Cerf,$c2009. 300 $a362 p. ;$c22 cm. 490 0 $aLectio Divina. Hors série 500 $aTesti degli atti in francese e inglese. - Sintesi del progetto scientifico "La Bible en ses traditions". 650 4$aBibbia - Atti di congressi.$0(OLS)http://semarc/subject/17280 650 4$aBibbia - Significato - Linguistica.$0(OLS)http://semarc/subject/46423 700 1 $aVenard, Olivier-Thomas,$c.$0(OLS)http://semarc/name/93671 830 0$aLectio Divina. Hors série.$0(OLS)http://semarc/title/490 850 $aSeMil 852 $aSeMil$W1$xVenegono$y1$m2WA K 297$j236568$B131897$CSeMilBibl$Z2$F143709 $81 961 $aSottoscrizione: SODIS 996 $6020$a978-2-204-08711-7$9(OLS)http://semarc/number/170596 996 $6245$aLe sens littéral des Écritures :$b[actes du colloque international, Jérusalem, École biblique et archéologique française, 28-30 novembre 2007]$9(OLS)http://semarc/title/260091 996 $6260$aParis :$bLes Éditions du Cerf$9(OLS)http://semarc/publisher/29611